| 000 | 00649cam a2200217u 4500 | ||
|---|---|---|---|
| 001 | 9779 | ||
| 003 | BD-RjUL | ||
| 005 | 20211208234833.0 | ||
| 008 | 140121s1961 nyua 001 0 eng | ||
| 035 | _a(BD-RjUL)9824 | ||
| 040 |
_aDLC _cCarP _dDLC _dBD-RjUL _beng |
||
| 041 | _aeng | ||
| 082 |
_223 _a632.954 _bCRC 1961 |
||
| 100 | 1 |
_aCrafts, Alden S. _q(Alden Springer), _d1897-1990. _930229 |
|
| 245 | 1 | 4 |
_aThe chemistry and mode of action of herbicides / _cAlden S. Crafts, |
| 260 |
_aNew York : _bInterscience Publishers, _c1961 |
||
| 300 |
_a269 p. : _bill. ; _c24 cm. |
||
| 504 | _aIncludes Index. | ||
| 650 | 0 |
_aHerbicides. _930230 |
|
| 942 |
_2ddc _cBK |
||
| 999 |
_c9779 _d9779 |
||